| 000 | 00355 a2200145 4500 | ||
|---|---|---|---|
| 040 |
_aDLC _bDLC |
||
| 082 | _a891.4391 | ||
| 100 | _aShaukat Raz | ||
| 245 |
_aTousha _cShaukat Raz |
||
| 260 |
_aLahore: _bAhbab Publications, _c2001. |
||
| 300 |
_a112p. _c24 cm, |
||
| 500 | _a Includes Index | ||
| 650 | _aUrdu Nattia Poetry, | ||
| 942 |
_cBK _k891.4391 SHA _2ddc |
||
| 999 |
_c8871 _d8871 |
||